Algorithm design / (Record no. 29)
[ view plain ]
| 000 -LEADER | |
|---|---|
| fixed length control field | 00665cam a22002172 4500 |
| 001 - CONTROL NUMBER | |
| control field | 0000000142 |
| 005 - DATE AND TIME OF LATEST TRANSACTION | |
| control field | 20151021151038.0 |
| 008 - FIXED-LENGTH DATA ELEMENTS--GENERAL INFORMATION | |
| fixed length control field | 070111s xx 000 0 eng d |
| 020 ## - INTERNATIONAL STANDARD BOOK NUMBER | |
| International Standard Book Number | 0321372913 : |
| Terms of availability | GBP 42.29 |
| 040 ## - CATALOGING SOURCE | |
| Original cataloging agency | KABU |
| Transcribing agency | KABU |
| 100 1# - MAIN ENTRY--PERSONAL NAME | |
| Personal name | Kleinberg, Jon. |
| -- | 0000148178 |
| 245 10 - TITLE STATEMENT | |
| Title | Algorithm design / |
| Statement of responsibility, etc. | Jon Kleinberg, Eva Tardos. |
| 260 ## - PUBLICATION, DISTRIBUTION, ETC. (IMPRINT) | |
| Place of publication, distribution, etc. | Boston : |
| Name of publisher, distributor, etc. | Pearson, |
| Date of publication, distribution, etc. | 2006. |
| 300 ## - PHYSICAL DESCRIPTION | |
| Extent | xxiii, 838 p. |
| 650 #0 - SUBJECT ADDED ENTRY--TOPICAL TERM | |
| Topical term or geographic name as entry element | Computer algorithms. |
| -- | 0000148170 |
| 650 #0 - SUBJECT ADDED ENTRY--TOPICAL TERM | |
| Topical term or geographic name as entry element | Data structure (Computer science) |
| -- | 0000148179 |
| 700 1# - ADDED ENTRY--PERSONAL NAME | |
| Personal name | Tardos, Eva. |
| -- | 0000148180 |
| 908 ## - PUT COMMAND PARAMETER (RLIN) | |
| Put command parameter | 070111 |
| 950 ## - LOCAL HOLDINGS (RLIN) | |
| -- | 1 |
| Withdrawn status | Lost status | Source of classification or shelving scheme | Not for loan | Home library | Current library | Date acquired | Total Checkouts | Full call number | Barcode | Date last seen | Price effective from | Koha item type | Date last checked out |
|---|---|---|---|---|---|---|---|---|---|---|---|---|---|
| Library of Congress Classification | Kabarak, Main Campus | Kabarak, Main Campus | 17/12/2015 | 2 | QA76.9 .A43K54 | 009786 | 03/09/2018 | 17/12/2015 | General Collection | 27/08/2018 | |||
| Library of Congress Classification | Kabarak, Main Campus | Kabarak, Main Campus | 17/12/2015 | 2 | QA76.9 .A43K54 | 009785 | 06/07/2019 | 17/12/2015 | General Collection | 05/07/2019 | |||
| Library of Congress Classification | Kabarak, Nakuru City Campus | Kabarak, Nakuru City Campus | 21/10/2015 | QA76.9 .A43K54 | 005612 | 21/10/2015 | 21/10/2015 | General Collection |